Statistics for US States by Largest Ski Area (Skiable Acres)

Click here to take the quiz!

General Stats

  • This quiz has been taken 14 times
  • The average score is 13 of 38

Answer Stats

NameSkiable AcresAnswer% Correct
Vail5,289Colorado
91%
Big Sky5,800Montana
91%
Taos Ski Valley1,294New Mexico
82%
Powder Mountain8,464Utah
82%
Aleyska1,400Alaska
73%
Truckee6,400California
73%
Mount Bachelor4,318Oregon
73%
Grand Targhee2,602Wyoming
73%
Schweitzer2,900Idaho
64%
Crystal Mountain2,600Washington
64%
Mount Rose Ski Tahoe1,200Nevada
55%
Killington1,509Vermont
55%
Big Squaw Mountain1,216Maine
45%
Lutsen Mountains1,000Minnesota
36%
Mount Aggie<1Texas
36%
Sunrise Park800Arizona
27%
Bretton Woods464New Hampshire
27%
Kissing Bridge700New York
27%
Cloudmont9Alabama
18%
Bosquet200Massachusetts
18%
Sugar Mountain120North Carolina
18%
Seven Springs282Pennsylvania
18%
Yawgoo Valley36Rhode Island
18%
Ober Gatlinburg38Tennessee
18%
Snowshoe244West Virginia
18%
Whitecap400Wisconsin
18%
Mohawk Mountain107Connecticut
9%
Perfect North Slopes100Indiana
9%
Wisp132Maryland
9%
Boyne Highlands435Michigan
9%
Hidden Valley65Missouri
9%
Bottineau Winter Park40North Dakota
9%
Mad River144Ohio
9%
Terry Peak450South Dakota
9%
Wintergreen129Virginia
9%
Chestnut Mountain220Illinois
0%
Sleepy Hollows Sports Park80Iowa
0%
Mountain Creek167New Jersey
0%

Score Distribution

Percentile by Number Answered

Percent of People with Each Score

Your Score History

You have not taken this quiz